LEADER 01382nam 2200361Ia 450 001 996396789403316 005 20221108003750.0 035 $a(CKB)4330000000348548 035 $a(EEBO)2240892155 035 $a(OCoLC)18216644 035 $a(EXLCZ)994330000000348548 100 $a19880715d1689 uy | 101 0 $aeng 135 $aurbn||||a|bb| 200 12$aA sermon preached before the mayor, aldermen, and Common-Council of Nottingham in St. Peter's Church, on the 14th of Febr. 1688/9$b[electronic resource] $ebeing the thanksgiving day for our deliverance from popery and arbitrary power /$fby W. Wilson 210 $aLondon $cPrinted for W. Ewrey ...$d1689 215 $a[4], 32 [i.e. 40] p 300 $aAdvertisement: p. [40]. 300 $aImperfect: print show-through. 300 $aReproduction of original in the Union Theological Seminary Library. 330 $aeebo-0160 606 $aSermons, English$y17th century 606 $aThanksgiving Day addresses 615 0$aSermons, English 615 0$aThanksgiving Day addresses. 700 $aWilson$b William$098237 801 0$bEAI 801 1$bEAI 801 2$bWaOLN 906 $aBOOK 912 $a996396789403316 996 $aA sermon preached before the mayor, aldermen, and Common-Council of Nottingham in St. Peter's Church, on the 14th of Febr. 1688$92343844 997 $aUNISA